[Event "Al Ain Amateur op 4th"]
[Site "Al Ain"]
[Date "2015.12.24"]
[Round "2"]
[White "Zayed, Alsedrani"]
[Black "Haitham, Alkindi"]
[Result "0-1"]
[WhiteElo "1067"]
[BlackElo "1430"]
[PlyCount "82"]
[EventDate "2015.12.23"]
[EventType "swiss"]
[EventRounds "9"]
[EventCountry "UAE"]
[SourceTitle "CBM 170 Extra"]
[Source "ChessBase"]
[SourceDate "2016.02.25"]
[SourceVersion "1"]
[SourceVersionDate "2016.02.25"]
[SourceQuality "1"]

1. d4 d5 2. e3 e6 3. Bd3 Nf6 4. Nf3 Bd6 5. 0-0 b6 6. Ne5 0-0 7. c4 Bb7 8. cxd5 exd5 9. Nc3 Nbd7 10. f4 Ne4 11. Rf3 Ndf6 12. Rh3 h6 13. Nxe4 dxe4 14. Bc2 Rc8 15. Ng4 Nxg4 16. Qxg4 Qf6 17. b3 Bd5 18. Rh5 c6 19. Rf5 Qg6 20. Bd1 Qxg4 21. Bxg4 Be6 22. h3 Bxf5 23. Bxf5 Rc7 24. Bxe4 Bb4 25. a3 Bc3 26. Ra2 Re8 27. Bf3 Bxd4 28. exd4 Re1+ 29. Kh2 Rxc1 30. Re2 Kf8 31. d5 cxd5 32. Bxd5 Re7 33. Rd2 Rd7 34. Rd3 Rc5 35. Bc4 Rxd3 36. Bxd3 Rc3 37. Bc4 Rxc4 38. bxc4 Ke7 39. Kg3 Kd6 40. Kf3 Kc5 41. Ke4 Kxc4 0-1

[Event "Al Ain op 3rd"]
[Site "Al Ain"]
[Date "2014.12.23"]
[Round "6"]
[White "Ammar, Sedrani"]
[Black "Haitham, Alkindi"]
[Result "1-0"]
[WhiteElo "1485"]
[BlackElo "1402"]
[PlyCount "73"]
[EventDate "2014.12.19"]
[EventType "swiss"]
[EventRounds "9"]
[EventCountry "UAE"]
[SourceTitle "CBM 164 Extra"]
[Source "ChessBase"]
[SourceDate "2015.03.02"]
[SourceVersion "1"]
[SourceVersionDate "2015.03.02"]
[SourceQuality "1"]

1. d4 g6 2. c4 Bg7 3. e4 d6 4. Nc3 e6 5. Nge2 Ne7 6. Ng3 0-0 7. Be2 c5 8. d5 exd5 9. cxd5 Nd7 10. h4 h5 11. Bg5 Ne5 12. f4 Ng4 13. f5 Be5 14. Nxh5 f6 15. Bxg4 gxh5 16. Bh6 Bg3+ 17. Kf1 Kh7 18. Bxf8 Qxf8 19. Bxh5 Qh6 20. Bf3 b6 21. Rh3 Ba6+ 22. Ne2 Rg8 23. Qa4 Qe3 24. Rxg3 Bxe2+ 25. Bxe2 Qxg3 26. Bf3 Qxh4 27. Ke2 Nxf5 28. Qd7+ Ng7 29. Qf7 Qg5 30. Rh1+ Qh6 31. Rxh6+ Kxh6 32. Qxf6+ Kh7 33. Bg4 Re8 34. Be6 c4 35. g4 b5 36. g5 a5 37. Qh6# 1-0

[Event "Al Ain op 3rd"]
[Site "Al Ain"]
[Date "2014.12.22"]
[Round "5"]
[White "Haitham, Alkindi"]
[Black "Hamdan, Marshool"]
[Result "0-1"]
[WhiteElo "1402"]
[BlackElo "1763"]
[PlyCount "76"]
[EventDate "2014.12.19"]
[EventType "swiss"]
[EventRounds "9"]
[EventCountry "UAE"]
[SourceTitle "CBM 164 Extra"]
[Source "ChessBase"]
[SourceDate "2015.03.02"]
[SourceVersion "1"]
[SourceVersionDate "2015.03.02"]
[SourceQuality "1"]

1. d4 g6 2. Nf3 Bg7 3. g3 Nf6 4. Bg2 0-0 5. 0-0 d6 6. c4 Nbd7 7. Nc3 e5 8. Bg5 h6 9. Bxf6 Bxf6 10. d5 Nc5 11. e4 a5 12. Re1 Bg7 13. Nb5 f5 14. Nd2 f4 15. Nc3 g5 16. h3 c6 17. Nf3 h5 18. Nh2 Qb6 19. Na4 Nxa4 20. Qxa4 fxg3 21. Rf1 Rxf2 22. Rxf2 Qxf2+ 23. Kh1 Bxh3 24. Rg1 g4 25. Qd1 gxh2 26. Kxh2 Bh6 27. Qf1 Bf4+ 28. Kh1 Qg3 29. Qxf4 exf4 30. e5 f3 31. Bxf3 Qxf3+ 32. Kh2 Rf8 33. e6 Qe2+ 34. Kh1 Qe4+ 35. Kh2 Rf2+ 36. Kg3 Qf4+ 37. Kh4 Qf6+ 38. Kg3 h4# 0-1

[Event "Al Ain op 3rd"]
[Site "Al Ain"]
[Date "2014.12.21"]
[Round "4"]
[White "Safarov, Zirva"]
[Black "Haitham, Alkindi"]
[Result "1-0"]
[WhiteElo "2104"]
[BlackElo "1402"]
[PlyCount "73"]
[EventDate "2014.12.19"]
[EventType "swiss"]
[EventRounds "9"]
[EventCountry "UAE"]
[SourceTitle "CBM 164 Extra"]
[Source "ChessBase"]
[SourceDate "2015.03.02"]
[SourceVersion "1"]
[SourceVersionDate "2015.03.02"]
[SourceQuality "1"]

1. f4 b6 2. Nf3 Bb7 3. e3 e6 4. Be2 Be7 5. 0-0 f5 6. a4 Nf6 7. a5 bxa5 8. d3 c5 9. Nbd2 0-0 10. Nc4 Nc6 11. Bd2 d6 12. Bxa5 Nxa5 13. Nxa5 Qc7 14. Qd2 Rad8 15. Nxb7 Qxb7 16. Ra2 Rd7 17. Rfa1 g6 18. Ng5 e5 19. Bf3 e4 20. dxe4 fxe4 21. Rxa7 Qxa7 22. Rxa7 Rxa7 23. Bxe4 Ra1+ 24. Kf2 Nxe4+ 25. Nxe4 Raa8 26. g4 Rad8 27. Qd5+ Kg7 28. Kg3 Rde8 29. h4 h6 30. Kf3 Rd8 31. h5 g5 32. Ng3 Rde8 33. Nf5+ Kh7 34. Qe6 Bf6 35. Qxd6 gxf4 36. exf4 Rf7 37. g5 1-0

[Event "Al Ain op 3rd"]
[Site "Al Ain"]
[Date "2014.12.20"]
[Round "3"]
[White "Haitham, Alkindi"]
[Black "Almajbari, Abdalla Ali"]
[Result "1-0"]
[WhiteElo "1402"]
[BlackElo "1942"]
[PlyCount "81"]
[EventDate "2014.12.19"]
[EventType "swiss"]
[EventRounds "9"]
[EventCountry "UAE"]
[SourceTitle "CBM 164 Extra"]
[Source "ChessBase"]
[SourceDate "2015.03.02"]
[SourceVersion "1"]
[SourceVersionDate "2015.03.02"]
[SourceQuality "1"]

1. d4 f5 2. Nf3 Nf6 3. Bf4 e6 4. e3 Be7 5. Bd3 0-0 6. 0-0 d5 7. Ne5 Nbd7 8. Nd2 h6 9. Ng6 Rf7 10. Nxe7+ Qxe7 11. Bxc7 Nf8 12. Be5 N8h7 13. h3 Bd7 14. Nf3 Ne4 15. Bh2 Rff8 16. Ne5 Nhf6 17. Ng6 Qb4 18. Nxf8 Kxf8 19. Bxe4 Nxe4 20. b3 Bb5 21. Re1 Nc3 22. Qd2 Rc8 23. a3 Qa5 24. Bd6+ Kg8 25. Bb4 Qc7 26. Bxc3 Qxc3 27. Qxc3 Rxc3 28. a4 Be8 29. Re2 Bh5 30. Rd2 g5 31. Rc1 f4 32. Rd3 Rxd3 33. cxd3 Bg6 34. Rc8+ Kf7 35. Rc7+ Kf6 36. Rxb7 fxe3 37. fxe3 Bxd3 38. Rxa7 e5 39. dxe5+ Kxe5 40. b4 Ke4 41. Kf2 1-0